[Event "April 9 Early 2024"]
[Site "Chess.com"]
[Date "2024.04.09"]
[Round "5"]
[White "Porozhnyak, Maya"]
[Black "Abdulrahman Mohammad, Al Taher"]
[Result "0-1"]
[Board "236"]
[WhiteFideId "34115843"]
[BlackFideId "9310258"]
[WhiteTitle "WCM"]
[BlackTitle "FM"]
[WhiteElo "2363"]
[BlackElo "2235"]
[WhiteTeam "RUS"]
[BlackTeam "UAE"]
[WhiteClock "0:00:22"]
[BlackClock "0:00:12"]
[Variant "Standard"]

1. e4 {[%clk 0:03:00]}  c5 {[%clk 0:03:00]} 2. Nf3 {[%clk 0:03:00]}  d6 {[%clk 0:03:00]} 3. d4 {[%clk 0:03:01]}  cxd4 {[%clk 0:03:00]} 4. c3 {[%clk 0:03:02]}  Nf6 {[%clk 0:02:59]} 5. Bd3 {[%clk 0:03:02]}  dxc3 {[%clk 0:02:48]} 6. Nxc3 {[%clk 0:03:03]}  e6 {[%clk 0:02:43]} 7. O-O {[%clk 0:03:00]}  Be7 {[%clk 0:02:43]} 8. Qe2 {[%clk 0:03:00]}  O-O {[%clk 0:02:42]} 9. Rd1 {[%clk 0:02:59]}  Nc6 {[%clk 0:02:40]} 10. Bc4 {[%clk 0:02:59]}  Qc7 {[%clk 0:02:35]} 11. Bf4 {[%clk 0:02:59]}  a6 {[%clk 0:02:32]} 12. e5 {[%clk 0:02:56]}  dxe5 {[%clk 0:02:28]} 13. Nxe5 {[%clk 0:02:57]}  Nxe5 {[%clk 0:02:24]} 14. Bxe5 {[%clk 0:02:57]}  Qb6 {[%clk 0:02:14]} 15. Rd2 {[%clk 0:02:37]}  Qa5 {[%clk 0:01:41]} 16. a3 {[%clk 0:02:35]}  b5 {[%clk 0:01:35]} 17. Bb3 {[%clk 0:02:18]}  Bb7 {[%clk 0:01:34]} 18. Rad1 {[%clk 0:02:08]}  Rfd8 {[%clk 0:01:32]} 19. h3 {[%clk 0:02:05]}  Rxd2 {[%clk 0:01:30]} 20. Rxd2 {[%clk 0:02:05]}  Rd8 {[%clk 0:01:30]} 21. Rxd8+ {[%clk 0:02:01]}  Qxd8 {[%clk 0:01:30]} 22. Bc2 {[%clk 0:01:56]}  Nd5 {[%clk 0:01:14]} 23. Qd3 {[%clk 0:01:42]}  g6 {[%clk 0:01:09]} 24. Ne4 {[%clk 0:01:36]}  f5 {[%clk 0:00:51]} 25. Ng3 {[%clk 0:01:21]}  Bf6 {[%clk 0:00:50]} 26. Qd4 {[%clk 0:01:19]}  Kg7 {[%clk 0:00:24]} 27. Bb3 {[%clk 0:01:15]}  Bxe5 {[%clk 0:00:22]} 28. Qxe5+ {[%clk 0:01:16]}  Qf6 {[%clk 0:00:23]} 29. Qe2 {[%clk 0:01:10]}  Nf4 {[%clk 0:00:21]} 30. Qd2 {[%clk 0:01:05]}  Nxg2 {[%clk 0:00:17]} 31. Qd7+ {[%clk 0:01:02]}  Qf7 {[%clk 0:00:17]} 32. Bxe6 {[%clk 0:00:58]}  Qxd7 {[%clk 0:00:16]} 33. Bxd7 {[%clk 0:00:59]}  Nf4 {[%clk 0:00:15]} 34. h4 {[%clk 0:00:59]}  Kf6 {[%clk 0:00:15]} 35. a4 {[%clk 0:00:35]}  Ke7 {[%clk 0:00:14]} 36. Bxb5 {[%clk 0:00:35]}  axb5 {[%clk 0:00:14]} 37. axb5 {[%clk 0:00:36]}  Ne6 {[%clk 0:00:13]} 38. Ne2 {[%clk 0:00:31]}  Kd6 {[%clk 0:00:12]} 39. b4 {[%clk 0:00:30]}  Nc7 {[%clk 0:00:11]} 40. Nc3 {[%clk 0:00:30]}  Nd5 {[%clk 0:00:11]} 41. Ne2 {[%clk 0:00:25]}  Nxb4 {[%clk 0:00:11]} 42. Kh2 {[%clk 0:00:24]}  Kc5 {[%clk 0:00:10]} 43. Kg3 {[%clk 0:00:25]}  Kxb5 {[%clk 0:00:10]} 44. Kf4 {[%clk 0:00:25]}  Nd3+ {[%clk 0:00:08]} 45. Ke3 {[%clk 0:00:25]}  Nc5 {[%clk 0:00:07]} 46. Nd4+ {[%clk 0:00:25]}  Kb6 {[%clk 0:00:07]} 47. h5 {[%clk 0:00:21]}  Kc7 {[%clk 0:00:07]} 48. hxg6 {[%clk 0:00:21]}  hxg6 {[%clk 0:00:08]} 49. Kf4 {[%clk 0:00:21]}  Kd6 {[%clk 0:00:07]} 50. Kg5 {[%clk 0:00:21]}  Ne6+ {[%clk 0:00:07]} 51. Nxe6 {[%clk 0:00:16]}  Kxe6 {[%clk 0:00:08]} 52. Kxg6 {[%clk 0:00:17]}  Ke5 {[%clk 0:00:08]} 53. Kg5 {[%clk 0:00:18]}  Bc8 {[%clk 0:00:08]} 54. Kh4 {[%clk 0:00:17]}  Kf4 {[%clk 0:00:09]} 55. Kh3 {[%clk 0:00:18]}  Kf3 {[%clk 0:00:09]} 56. Kh2 {[%clk 0:00:17]}  Kxf2 {[%clk 0:00:10]} 57. Kh1 {[%clk 0:00:17]}  f4 {[%clk 0:00:11]} 58. Kh2 {[%clk 0:00:17]}  f3 {[%clk 0:00:11]} 59. Kh1 {[%clk 0:00:18]}  Ke2 {[%clk 0:00:11]} 60. Kh2 {[%clk 0:00:19]}  f2 {[%clk 0:00:12]} 61. Kg3 {[%clk 0:00:17]}  f1=Q {[%clk 0:00:12]} 62. Kh4 {[%clk 0:00:17]}  Qf4+ {[%clk 0:00:12]} 63. Kh5 {[%clk 0:00:17]}  Qg3 {[%clk 0:00:12]} 64. Kh6 {[%clk 0:00:18]}  Qg4 {[%clk 0:00:13]} 65. Kh7 {[%clk 0:00:19]}  Qg5 {[%clk 0:00:10]} 66. Kh8 {[%clk 0:00:19]}  Kf3 {[%clk 0:00:09]} 67. Kh7 {[%clk 0:00:20]}  Kf4 {[%clk 0:00:10]} 68. Kh8 {[%clk 0:00:21]}  Kf5 {[%clk 0:00:10]} 69. Kh7 {[%clk 0:00:22]}  Kf6 {[%clk 0:00:11]} 70. Kh8 {[%clk 0:00:22]}  Qg7# {[%clk 0:00:12]} 0-1

[Event "April 9 Early 2024"]
[Site "Chess.com"]
[Date "2024.04.09"]
[Round "5"]
[White "Korol, Dimitry"]
[Black "Guerra Tulcan, Lenin"]
[Result "0-1"]
[Board "239"]
[WhiteFideId "14108003"]
[BlackFideId "3601382"]
[BlackTitle "IM"]
[WhiteElo "2313"]
[BlackElo "2761"]
[WhiteTeam "UKR"]
[BlackTeam "ECU"]
[WhiteClock "0:00:00"]
[BlackClock "0:01:17"]
[Variant "Standard"]

1. d4 {[%clk 0:03:00]}  Nf6 {[%clk 0:02:59]} 2. c4 {[%clk 0:03:01]}  c5 {[%clk 0:02:58]} 3. d5 {[%clk 0:03:00]}  b5 {[%clk 0:02:59]} 4. Nd2 {[%clk 0:03:00]}  bxc4 {[%clk 0:02:58]} 5. e4 {[%clk 0:03:00]}  g6 {[%clk 0:02:59]} 6. Bxc4 {[%clk 0:03:00]}  d6 {[%clk 0:02:59]} 7. b3 {[%clk 0:03:00]}  Bg7 {[%clk 0:03:00]} 8. Bb2 {[%clk 0:03:00]}  O-O {[%clk 0:02:59]} 9. Ngf3 {[%clk 0:03:00]}  Nbd7 {[%clk 0:03:00]} 10. O-O {[%clk 0:02:56]}  Nb6 {[%clk 0:02:59]} 11. h3 {[%clk 0:02:51]}  a5 {[%clk 0:02:59]} 12. a4 {[%clk 0:02:49]}  Ba6 {[%clk 0:02:58]} 13. Qc2 {[%clk 0:02:48]}  Bxc4 {[%clk 0:02:56]} 14. bxc4 {[%clk 0:02:49]}  Qd7 {[%clk 0:02:56]} 15. e5 {[%clk 0:02:41]}  Nh5 {[%clk 0:02:52]} 16. Rfe1 {[%clk 0:02:38]}  Rfb8 {[%clk 0:02:51]} 17. Bc3 {[%clk 0:02:24]}  Qf5 {[%clk 0:02:46]} 18. Re4 {[%clk 0:01:46]}  Nf4 {[%clk 0:02:21]} 19. Rae1 {[%clk 0:01:38]}  h5 {[%clk 0:02:11]} 20. exd6 {[%clk 0:00:54]}  exd6 {[%clk 0:02:07]} 21. Bxg7 {[%clk 0:00:51]}  Kxg7 {[%clk 0:02:08]} 22. Qc3+ {[%clk 0:00:17]}  Kg8 {[%clk 0:02:07]} 23. Qe3 {[%clk 0:00:17]}  g5 {[%clk 0:01:59]} 24. Nxg5 {[%clk 0:00:16]}  Qxg5 {[%clk 0:01:55]} 25. Rxf4 {[%clk 0:00:15]}  Re8 {[%clk 0:01:52]} 26. Ne4 {[%clk 0:00:15]}  Qg6 {[%clk 0:01:40]} 27. Nf6+ {[%clk 0:00:14]}  Qxf6 {[%clk 0:01:34]} 28. Qxe8+ {[%clk 0:00:14]}  Rxe8 {[%clk 0:01:35]} 29. Rxe8+ {[%clk 0:00:14]}  Kg7 {[%clk 0:01:35]} 30. Rxf6 {[%clk 0:00:14]}  Kxf6 {[%clk 0:01:36]} 31. Rd8 {[%clk 0:00:08]}  Nxc4 {[%clk 0:01:36]} 32. Ra8 {[%clk 0:00:07]}  Ke5 {[%clk 0:01:36]} 33. Rh8 {[%clk 0:00:06]}  Kxd5 {[%clk 0:01:34]} 34. Rxh5+ {[%clk 0:00:06]}  Ke6 {[%clk 0:01:34]} 35. Rh8 {[%clk 0:00:06]}  Nb2 {[%clk 0:01:32]} 36. Ra8 {[%clk 0:00:04]}  c4 {[%clk 0:01:30]} 37. Kf1 {[%clk 0:00:02]}  c3 {[%clk 0:01:29]} 38. Rc8 {[%clk 0:00:02]}  Nxa4 {[%clk 0:01:28]} 39. Rc4 {[%clk 0:00:01]}  Kd5 {[%clk 0:01:17]} 40. Rxa4 {[%clk 0:00:01]}  c2 {[%clk 0:01:18]} 41. Ra1 {[%clk 0:00:01]}  Kc4 {[%clk 0:01:18]} 42. Ke2 {[%clk 0:00:02]}  Kc3 {[%clk 0:01:19]} 43. Rc1 {[%clk 0:00:00]}  d5 {[%clk 0:01:17]} 0-1

[Event "April 9 Early 2024"]
[Site "Chess.com"]
[Date "2024.04.09"]
[Round "5"]
[White "Mamedjarova, Turkan"]
[Black "Seletsky, Grigory"]
[Result "0-1"]
[Board "241"]
[WhiteFideId "13402005"]
[BlackFideId "14112191"]
[WhiteTitle "WGM"]
[BlackTitle "FM"]
[WhiteElo "2227"]
[BlackElo "2517"]
[WhiteTeam "AZE"]
[BlackTeam "UKR"]
[WhiteClock "0:00:13"]
[BlackClock "0:00:34"]
[Variant "Standard"]

1. e4 {[%clk 0:03:00]}  e6 {[%clk 0:02:30]} 2. d4 {[%clk 0:02:57]}  d5 {[%clk 0:02:29]} 3. Nd2 {[%clk 0:02:54]}  Nc6 {[%clk 0:02:27]} 4. Ngf3 {[%clk 0:02:52]}  Nf6 {[%clk 0:02:28]} 5. e5 {[%clk 0:02:52]}  Nd7 {[%clk 0:02:28]} 6. Bd3 {[%clk 0:02:52]}  Nb4 {[%clk 0:02:29]} 7. Be2 {[%clk 0:02:46]}  c5 {[%clk 0:02:29]} 8. c3 {[%clk 0:02:45]}  Nc6 {[%clk 0:02:29]} 9. O-O {[%clk 0:02:46]}  cxd4 {[%clk 0:02:26]} 10. cxd4 {[%clk 0:02:41]}  Qb6 {[%clk 0:02:27]} 11. Nb3 {[%clk 0:02:41]}  a5 {[%clk 0:02:27]} 12. Be3 {[%clk 0:02:36]}  a4 {[%clk 0:02:24]} 13. Nbd2 {[%clk 0:02:36]}  Qxb2 {[%clk 0:02:20]} 14. Rb1 {[%clk 0:02:34]}  Qa3 {[%clk 0:02:09]} 15. Ng5 {[%clk 0:02:32]}  Be7 {[%clk 0:01:56]} 16. Ndf3 {[%clk 0:02:24]}  Bxg5 {[%clk 0:01:41]} 17. Nxg5 {[%clk 0:02:21]}  h6 {[%clk 0:01:38]} 18. Nxe6 {[%clk 0:02:04]}  fxe6 {[%clk 0:01:36]} 19. Bh5+ {[%clk 0:02:04]}  Kd8 {[%clk 0:01:26]} 20. Qg4 {[%clk 0:02:04]}  Qe7 {[%clk 0:01:26]} 21. f4 {[%clk 0:02:03]}  Nf8 {[%clk 0:01:23]} 22. Qg3 {[%clk 0:01:47]}  g6 {[%clk 0:01:23]} 23. Be2 {[%clk 0:01:42]}  Qf7 {[%clk 0:01:08]} 24. Qf3 {[%clk 0:01:33]}  h5 {[%clk 0:01:01]} 25. g4 {[%clk 0:01:32]}  hxg4 {[%clk 0:00:59]} 26. Qxg4 {[%clk 0:01:32]}  Qf5 {[%clk 0:01:00]} 27. Qg3 {[%clk 0:01:32]}  Ne7 {[%clk 0:00:57]} 28. Bg4 {[%clk 0:01:21]}  Qf7 {[%clk 0:00:55]} 29. Bd2 {[%clk 0:00:58]}  Nf5 {[%clk 0:00:53]} 30. Qe1 {[%clk 0:00:58]}  Nd7 {[%clk 0:00:51]} 31. Ba5+ {[%clk 0:00:58]}  Ke8 {[%clk 0:00:51]} 32. Bb4 {[%clk 0:00:51]}  Nb8 {[%clk 0:00:45]} 33. Qc3 {[%clk 0:00:49]}  Nc6 {[%clk 0:00:45]} 34. Ba3 {[%clk 0:00:46]}  Nfxd4 {[%clk 0:00:43]} 35. Rfd1 {[%clk 0:00:35]}  Nf5 {[%clk 0:00:40]} 36. Rxd5 {[%clk 0:00:19]}  exd5 {[%clk 0:00:36]} 37. e6 {[%clk 0:00:20]}  Qg7 {[%clk 0:00:36]} 38. Qc5 {[%clk 0:00:13]}  Qd4+ {[%clk 0:00:34]} 0-1

[Event "April 9 Early 2024"]
[Site "Chess.com"]
[Date "2024.04.09"]
[Round "5"]
[White "Dahlgren, James Allen"]
[Black "Womacka, Mathias"]
[Result "0-1"]
[Board "242"]
[WhiteFideId "22256873"]
[BlackFideId "4611390"]
[BlackTitle "GM"]
[WhiteElo "2219"]
[BlackElo "2482"]
[WhiteTeam "ESP"]
[BlackTeam "GER"]
[WhiteClock "0:00:00"]
[BlackClock "0:00:45"]
[Variant "Standard"]

1. d3 {[%clk 0:02:03]}  e5 {[%clk 0:02:57]} 2. f4 {[%clk 0:02:04]}  exf4 {[%clk 0:02:47]} 3. Bxf4 {[%clk 0:02:05]}  d5 {[%clk 0:02:47]} 4. Nf3 {[%clk 0:02:05]}  Bd6 {[%clk 0:02:46]} 5. Bxd6 {[%clk 0:02:04]}  Qxd6 {[%clk 0:02:47]} 6. Nc3 {[%clk 0:02:04]}  Nf6 {[%clk 0:02:46]} 7. e4 {[%clk 0:02:04]}  dxe4 {[%clk 0:02:40]} 8. dxe4 {[%clk 0:02:05]}  Qxd1+ {[%clk 0:02:39]} 9. Rxd1 {[%clk 0:02:06]}  O-O {[%clk 0:02:38]} 10. Bd3 {[%clk 0:02:06]}  Be6 {[%clk 0:02:33]} 11. O-O {[%clk 0:02:06]}  Nc6 {[%clk 0:02:28]} 12. h3 {[%clk 0:02:02]}  a6 {[%clk 0:02:21]} 13. a3 {[%clk 0:01:55]}  Rfd8 {[%clk 0:02:15]} 14. Ng5 {[%clk 0:01:54]}  Ne5 {[%clk 0:02:07]} 15. Nxe6 {[%clk 0:01:50]}  fxe6 {[%clk 0:02:08]} 16. Be2 {[%clk 0:01:49]}  Kf7 {[%clk 0:02:00]} 17. Kf2 {[%clk 0:01:49]}  Ke7 {[%clk 0:02:00]} 18. Ke3 {[%clk 0:01:49]}  g5 {[%clk 0:01:54]} 19. b3 {[%clk 0:01:31]}  h6 {[%clk 0:01:52]} 20. Rxd8 {[%clk 0:01:27]}  Rxd8 {[%clk 0:01:50]} 21. Rd1 {[%clk 0:01:27]}  Rxd1 {[%clk 0:01:50]} 22. Nxd1 {[%clk 0:01:18]}  Kd6 {[%clk 0:01:48]} 23. Nf2 {[%clk 0:01:16]}  b5 {[%clk 0:01:28]} 24. Nd3 {[%clk 0:01:00]}  Nxd3 {[%clk 0:01:26]} 25. cxd3 {[%clk 0:00:52]}  e5 {[%clk 0:01:19]} 26. b4 {[%clk 0:00:47]}  c5 {[%clk 0:01:18]} 27. Bd1 {[%clk 0:00:16]}  Nd7 {[%clk 0:01:05]} 28. Bb3 {[%clk 0:00:11]}  Nb8 {[%clk 0:01:05]} 29. Bd5 {[%clk 0:00:10]}  Nc6 {[%clk 0:01:05]} 30. Bxc6 {[%clk 0:00:10]}  Kxc6 {[%clk 0:01:06]} 31. Kd2 {[%clk 0:00:09]}  Kb6 {[%clk 0:01:05]} 32. Kc3 {[%clk 0:00:10]}  a5 {[%clk 0:01:05]} 33. Kb3 {[%clk 0:00:09]}  h5 {[%clk 0:00:54]} 34. g4 {[%clk 0:00:08]}  h4 {[%clk 0:00:52]} 35. Kc3 {[%clk 0:00:08]}  axb4+ {[%clk 0:00:49]} 36. axb4 {[%clk 0:00:09]}  cxb4+ {[%clk 0:00:48]} 37. Kxb4 {[%clk 0:00:08]}  Kc6 {[%clk 0:00:49]} 38. Kb3 {[%clk 0:00:07]}  Kc5 {[%clk 0:00:49]} 39. Kc3 {[%clk 0:00:07]}  b4+ {[%clk 0:00:48]} 40. Kb3 {[%clk 0:00:08]}  Kd4 {[%clk 0:00:45]} 41. Kxb4 {[%clk 0:00:00]}  Kxd3 {[%clk 0:00:45]} 0-1

[Event "April 9 Early 2024"]
[Site "Chess.com"]
[Date "2024.04.09"]
[Round "5"]
[White "Novak, Ratko"]
[Black "Meza Astrada, Agustin"]
[Result "0-1"]
[Board "244"]
[WhiteFideId "14511827"]
[BlackFideId "20018770"]
[WhiteTitle "CM"]
[BlackTitle "CM"]
[WhiteElo "2406"]
[BlackElo "2191"]
[WhiteTeam "CRO"]
[BlackTeam "ARG"]
[WhiteClock "0:00:00"]
[BlackClock "0:00:10"]
[Variant "Standard"]

1. d4 {[%clk 0:02:38]}  d5 {[%clk 0:02:58]} 2. c4 {[%clk 0:02:38]}  e6 {[%clk 0:02:58]} 3. cxd5 {[%clk 0:02:38]}  exd5 {[%clk 0:02:58]} 4. Nc3 {[%clk 0:02:39]}  c6 {[%clk 0:02:58]} 5. f3 {[%clk 0:02:39]}  Nf6 {[%clk 0:02:56]} 6. e4 {[%clk 0:02:39]}  dxe4 {[%clk 0:02:51]} 7. fxe4 {[%clk 0:02:40]}  Bb4 {[%clk 0:02:51]} 8. Qd3 {[%clk 0:02:39]}  O-O {[%clk 0:02:50]} 9. Be2 {[%clk 0:02:39]}  c5 {[%clk 0:02:43]} 10. dxc5 {[%clk 0:02:05]}  Qxd3 {[%clk 0:02:44]} 11. Bxd3 {[%clk 0:02:05]}  Nbd7 {[%clk 0:02:42]} 12. Bc2 {[%clk 0:01:18]}  Nxc5 {[%clk 0:02:38]} 13. Ne2 {[%clk 0:01:18]}  Ncxe4 {[%clk 0:02:34]} 14. O-O {[%clk 0:01:16]}  Nxc3 {[%clk 0:02:08]} 15. bxc3 {[%clk 0:01:14]}  Be7 {[%clk 0:02:07]} 16. Nd4 {[%clk 0:01:12]}  Bd7 {[%clk 0:02:05]} 17. Bb3 {[%clk 0:01:10]}  Rfd8 {[%clk 0:01:57]} 18. Bg5 {[%clk 0:00:52]}  Rac8 {[%clk 0:01:49]} 19. Rae1 {[%clk 0:00:51]}  Re8 {[%clk 0:01:41]} 20. Rf3 {[%clk 0:00:32]}  h6 {[%clk 0:01:36]} 21. Bh4 {[%clk 0:00:29]}  a5 {[%clk 0:01:25]} 22. a4 {[%clk 0:00:25]}  Bc6 {[%clk 0:01:17]} 23. Rfe3 {[%clk 0:00:22]}  Bc5 {[%clk 0:01:11]} 24. Bxf6 {[%clk 0:00:16]}  Rxe3 {[%clk 0:01:02]} 25. Rxe3 {[%clk 0:00:15]}  gxf6 {[%clk 0:01:02]} 26. Kf1 {[%clk 0:00:15]}  Bxd4 {[%clk 0:00:24]} 27. cxd4 {[%clk 0:00:15]}  Rd8 {[%clk 0:00:24]} 28. Re7 {[%clk 0:00:12]}  Rxd4 {[%clk 0:00:20]} 29. Rxf7 {[%clk 0:00:12]}  Rb4 {[%clk 0:00:17]} 30. Rxb7+ {[%clk 0:00:10]}  Kf8 {[%clk 0:00:14]} 31. Rxb4 {[%clk 0:00:10]}  axb4 {[%clk 0:00:14]} 32. Ke2 {[%clk 0:00:10]}  Ke7 {[%clk 0:00:14]} 33. g3 {[%clk 0:00:10]}  Kd6 {[%clk 0:00:14]} 34. Kd3 {[%clk 0:00:11]}  Kc5 {[%clk 0:00:15]} 35. h4 {[%clk 0:00:09]}  Bf3 {[%clk 0:00:14]} 36. Bc4 {[%clk 0:00:06]}  Kb6 {[%clk 0:00:12]} 37. Bb3 {[%clk 0:00:04]}  Ka5 {[%clk 0:00:12]} 38. Ke3 {[%clk 0:00:02]}  Bc6 {[%clk 0:00:12]} 39. Kf4 {[%clk 0:00:02]}  Bxa4 {[%clk 0:00:11]} 40. Bc4 {[%clk 0:00:00]}  Bc2 {[%clk 0:00:10]} 0-1

[Event "April 9 Early 2024"]
[Site "Chess.com"]
[Date "2024.04.09"]
[Round "5"]
[White "Piddubna, Bozhena"]
[Black "Li, Michael"]
[Result "1/2-1/2"]
[Board "245"]
[WhiteFideId "34109293"]
[BlackFideId "30988667"]
[WhiteTitle "WCM"]
[WhiteElo "2191"]
[BlackElo "2372"]
[WhiteTeam "UKR"]
[BlackTeam "USA"]
[WhiteClock "0:00:06"]
[BlackClock "0:00:09"]
[Variant "Standard"]

1. c4 {[%clk 0:03:00]}  e5 {[%clk 0:02:57]} 2. Nc3 {[%clk 0:03:00]}  Nf6 {[%clk 0:02:57]} 3. Nf3 {[%clk 0:03:00]}  Nc6 {[%clk 0:02:55]} 4. e4 {[%clk 0:03:01]}  Bb4 {[%clk 0:02:54]} 5. d3 {[%clk 0:02:59]}  d6 {[%clk 0:02:53]} 6. a3 {[%clk 0:03:00]}  Bc5 {[%clk 0:02:54]} 7. b4 {[%clk 0:02:59]}  Bb6 {[%clk 0:02:53]} 8. Be2 {[%clk 0:02:34]}  Bg4 {[%clk 0:02:48]} 9. O-O {[%clk 0:02:30]}  O-O {[%clk 0:02:39]} 10. Bb2 {[%clk 0:02:20]}  Bxf3 {[%clk 0:02:29]} 11. Bxf3 {[%clk 0:02:19]}  a5 {[%clk 0:02:29]} 12. b5 {[%clk 0:02:13]}  Nd4 {[%clk 0:02:29]} 13. Nd5 {[%clk 0:02:14]}  Nxd5 {[%clk 0:02:27]} 14. exd5 {[%clk 0:02:13]}  f5 {[%clk 0:02:23]} 15. Re1 {[%clk 0:02:07]}  Qg5 {[%clk 0:02:15]} 16. Bxd4 {[%clk 0:02:05]}  Bxd4 {[%clk 0:02:15]} 17. Ra2 {[%clk 0:02:06]}  Rae8 {[%clk 0:02:08]} 18. Rae2 {[%clk 0:01:53]}  Bc5 {[%clk 0:02:01]} 19. Qa4 {[%clk 0:01:48]}  b6 {[%clk 0:01:58]} 20. Qb3 {[%clk 0:01:14]}  Qf4 {[%clk 0:01:35]} 21. Bh5 {[%clk 0:01:07]}  g6 {[%clk 0:01:32]} 22. g3 {[%clk 0:01:06]}  Qg5 {[%clk 0:01:21]} 23. Bf3 {[%clk 0:01:05]}  f4 {[%clk 0:01:20]} 24. Kg2 {[%clk 0:00:57]}  Rf6 {[%clk 0:00:55]} 25. Re4 {[%clk 0:00:39]}  Ref8 {[%clk 0:00:52]} 26. g4 {[%clk 0:00:30]}  Qh4 {[%clk 0:00:52]} 27. R4e2 {[%clk 0:00:18]}  g5 {[%clk 0:00:44]} 28. h3 {[%clk 0:00:16]}  Kh8 {[%clk 0:00:38]} 29. Rh1 {[%clk 0:00:15]}  Rg8 {[%clk 0:00:39]} 30. a4 {[%clk 0:00:11]}  h5 {[%clk 0:00:13]} 31. Qd1 {[%clk 0:00:09]}  Rh6 {[%clk 0:00:06]} 32. Qf1 {[%clk 0:00:03]}  hxg4 {[%clk 0:00:04]} 33. hxg4 {[%clk 0:00:03]}  Qxh1+ {[%clk 0:00:05]} 34. Qxh1 {[%clk 0:00:03]}  Rxh1 {[%clk 0:00:06]} 35. Kxh1 {[%clk 0:00:03]}  Kg7 {[%clk 0:00:06]} 36. Kg2 {[%clk 0:00:03]}  Rh8 {[%clk 0:00:07]} 37. Re1 {[%clk 0:00:03]}  Kf6 {[%clk 0:00:07]} 38. Rf1 {[%clk 0:00:02]}  Rh4 {[%clk 0:00:08]} 39. Re1 {[%clk 0:00:02]}  Bd4 {[%clk 0:00:08]} 40. Rf1 {[%clk 0:00:02]}  Ke7 {[%clk 0:00:06]} 41. Rd1 {[%clk 0:00:03]}  Kf6 {[%clk 0:00:06]} 42. Rf1 {[%clk 0:00:03]}  Kg6 {[%clk 0:00:07]} 43. Rd1 {[%clk 0:00:04]}  Kh6 {[%clk 0:00:07]} 44. Rf1 {[%clk 0:00:04]}  Bc3 {[%clk 0:00:04]} 45. Rd1 {[%clk 0:00:04]}  Bb4 {[%clk 0:00:03]} 46. Rh1 {[%clk 0:00:03]}  Rxh1 {[%clk 0:00:02]} 47. Kxh1 {[%clk 0:00:04]}  Bc5 {[%clk 0:00:03]} 48. Kg2 {[%clk 0:00:04]}  Bd4 {[%clk 0:00:04]} 49. Be4 {[%clk 0:00:05]}  Kg7 {[%clk 0:00:04]} 50. f3 {[%clk 0:00:03]}  Kf6 {[%clk 0:00:05]} 51. Kf1 {[%clk 0:00:04]}  Be3 {[%clk 0:00:05]} 52. Ke2 {[%clk 0:00:04]}  Bd4 {[%clk 0:00:05]} 53. Kd1 {[%clk 0:00:05]}  Be3 {[%clk 0:00:06]} 54. Kc2 {[%clk 0:00:05]}  Bc5 {[%clk 0:00:06]} 55. Kc3 {[%clk 0:00:05]}  Bd4+ {[%clk 0:00:07]} 56. Kc2 {[%clk 0:00:06]}  Bc5 {[%clk 0:00:08]} 57. Kd1 {[%clk 0:00:06]}  Bd4 {[%clk 0:00:08]} 58. Kc2 {[%clk 0:00:06]}  Bc5 {[%clk 0:00:09]} 1/2-1/2

[Event "April 9 Early 2024"]
[Site "Chess.com"]
[Date "2024.04.09"]
[Round "5"]
[White "Al-Blooshi, Hamad Essa"]
[Black "Carrasco Miranda, Andres"]
[Result "1/2-1/2"]
[Board "246"]
[WhiteFideId "9314881"]
[BlackFideId "3405990"]
[WhiteTitle "CM"]
[BlackTitle "CM"]
[WhiteElo "2178"]
[BlackElo "2345"]
[WhiteTeam "UAE"]
[BlackTeam "CHI"]
[WhiteClock "0:00:16"]
[BlackClock "0:00:11"]
[Variant "Standard"]

1. d4 {[%clk 0:03:00]}  Nf6 {[%clk 0:02:42]} 2. c4 {[%clk 0:03:00]}  g6 {[%clk 0:02:40]} 3. Nc3 {[%clk 0:02:59]}  d5 {[%clk 0:02:40]} 4. cxd5 {[%clk 0:02:59]}  Nxd5 {[%clk 0:02:41]} 5. e4 {[%clk 0:03:00]}  Nxc3 {[%clk 0:02:41]} 6. bxc3 {[%clk 0:03:01]}  Bg7 {[%clk 0:02:42]} 7. Bc4 {[%clk 0:02:59]}  c5 {[%clk 0:02:41]} 8. Ne2 {[%clk 0:02:58]}  Nc6 {[%clk 0:02:42]} 9. Be3 {[%clk 0:02:58]}  O-O {[%clk 0:02:42]} 10. O-O {[%clk 0:02:58]}  Bg4 {[%clk 0:02:42]} 11. f3 {[%clk 0:02:58]}  Na5 {[%clk 0:02:43]} 12. Bd3 {[%clk 0:02:57]}  cxd4 {[%clk 0:02:42]} 13. cxd4 {[%clk 0:02:58]}  Be6 {[%clk 0:02:43]} 14. d5 {[%clk 0:02:59]}  Bxa1 {[%clk 0:02:43]} 15. Qxa1 {[%clk 0:02:59]}  f6 {[%clk 0:02:43]} 16. Bh6 {[%clk 0:02:57]}  Re8 {[%clk 0:02:43]} 17. Nf4 {[%clk 0:02:53]}  Bf7 {[%clk 0:02:43]} 18. Kh1 {[%clk 0:02:47]}  Rc8 {[%clk 0:02:42]} 19. Bb5 {[%clk 0:02:29]}  Nc4 {[%clk 0:02:21]} 20. Bxe8 {[%clk 0:02:27]}  Qxe8 {[%clk 0:02:22]} 21. Qd4 {[%clk 0:02:25]}  Ne5 {[%clk 0:02:15]} 22. h4 {[%clk 0:02:04]}  Qb5 {[%clk 0:02:11]} 23. Rd1 {[%clk 0:01:50]}  Qc5 {[%clk 0:02:07]} 24. Qxc5 {[%clk 0:01:40]}  Rxc5 {[%clk 0:02:08]} 25. Nd3 {[%clk 0:01:40]}  Nxd3 {[%clk 0:02:00]} 26. Rxd3 {[%clk 0:01:41]}  Be8 {[%clk 0:01:56]} 27. Rb3 {[%clk 0:01:37]}  b6 {[%clk 0:01:55]} 28. Be3 {[%clk 0:01:34]}  Ra5 {[%clk 0:01:55]} 29. a3 {[%clk 0:01:32]}  f5 {[%clk 0:01:49]} 30. Kh2 {[%clk 0:01:29]}  fxe4 {[%clk 0:01:48]} 31. fxe4 {[%clk 0:01:30]}  Ra4 {[%clk 0:01:47]} 32. e5 {[%clk 0:01:24]}  Rxh4+ {[%clk 0:01:46]} 33. Kg3 {[%clk 0:01:24]}  Re4 {[%clk 0:01:45]} 34. Bf4 {[%clk 0:00:47]}  g5 {[%clk 0:01:44]} 35. Bxg5 {[%clk 0:00:45]}  Rxe5 {[%clk 0:01:45]} 36. Bh4 {[%clk 0:00:44]}  Bf7 {[%clk 0:01:37]} 37. Rd3 {[%clk 0:00:42]}  Bxd5 {[%clk 0:01:26]} 38. Bxe7 {[%clk 0:00:41]}  Rxe7 {[%clk 0:01:19]} 39. Rxd5 {[%clk 0:00:41]}  Re3+ {[%clk 0:01:20]} 40. Kf4 {[%clk 0:00:39]}  Rxa3 {[%clk 0:01:20]} 41. g4 {[%clk 0:00:39]}  Kf7 {[%clk 0:01:06]} 42. Rd7+ {[%clk 0:00:35]}  Ke6 {[%clk 0:01:06]} 43. Rxh7 {[%clk 0:00:34]}  b5 {[%clk 0:01:06]} 44. Rb7 {[%clk 0:00:30]}  Ra4+ {[%clk 0:01:03]} 45. Kg5 {[%clk 0:00:28]}  b4 {[%clk 0:01:03]} 46. Kh5 {[%clk 0:00:27]}  a5 {[%clk 0:01:01]} 47. g5 {[%clk 0:00:27]}  Ra3 {[%clk 0:00:57]} 48. g6 {[%clk 0:00:27]}  Rh3+ {[%clk 0:00:50]} 49. Kg4 {[%clk 0:00:26]}  Rh1 {[%clk 0:00:50]} 50. g7 {[%clk 0:00:25]}  Rg1+ {[%clk 0:00:49]} 51. Kf4 {[%clk 0:00:19]}  Kf6 {[%clk 0:00:46]} 52. Rb5 {[%clk 0:00:17]}  Rxg7 {[%clk 0:00:38]} 53. Rxa5 {[%clk 0:00:18]}  Rb7 {[%clk 0:00:38]} 54. Ra1 {[%clk 0:00:16]}  Ke6 {[%clk 0:00:35]} 55. Ke4 {[%clk 0:00:16]}  Kd6 {[%clk 0:00:18]} 56. Kd4 {[%clk 0:00:16]}  b3 {[%clk 0:00:09]} 57. Kc3 {[%clk 0:00:15]}  b2 {[%clk 0:00:10]} 58. Rb1 {[%clk 0:00:16]}  Kc5 {[%clk 0:00:10]} 59. Rxb2 {[%clk 0:00:15]}  Rxb2 {[%clk 0:00:11]} 60. Kxb2 {[%clk 0:00:16]} 1/2-1/2